01219cam a22003734i 4500003000900000005001700009008004100026020002500067020002700092035002700119040003300146082002100179100002800200245005600228264004200284300003800326336002100364337002500385338002300410505012200433505014100555526001000696526001000706526001000716526001000726526000800736526000800744526000800752526000800760526000800768526000800776526000800784630005300792PE-LiUPU20250731173553.0150616s r 000 0 d a0800626265qVolumen1 a9780800699185qVolume3 a(Sirsi) i9780800626266 aPE-LiUPUbspacPE-LiUPUerda04a225.066bB162211 aBaird, William,eautor.10aHistory of New Testament Research /cWilliam Baird. 1aMinneapolis :bFortress Press,c1992. a450 páginas ;c24 centímetros atext2rdacontent aunmediated2rdamedia avolume2rdacarrier0 aVolumen 1.aEarly developments in new testament research.- New testament research in an Era of Philosophical ferment.0 aVolumen 3.aThe renaissance of new testament criticism -- The revisiting of critical problems -- Theological and synthesizing movements. aSEG42 aSEG41 aSEG40 aSEG39 aP94 aP87 aP86 aP85 aP77 aP76 aP35 aBiblia.pN.T.xCrítica, interpretación, etc.